Statistiques concernant Mathématiques par lettre - F

Cliquez ici pour prendre le quiz!

Statistiques générales

  • Ce quiz a été pris 415 fois
  • Le résultat moyen est 8 sur 15

Statistiques - réponses

HintRéponse% Correct
Numérateur/DénominateurFraction
93%
Chacun des nombres d'un produitFacteur
82%
Mot anglais qui, en informatique, permet de débuter une exploration en boucleFor
81%
Synonyme d'applicationFonction
80%
suite dans laquelle chaque nombre est la somme de ses deux prédécesseurs.Fibonacci
76%
Ensemble dont on peut compter la quantité d'élémentsFini
65%
Produit des nombres successifsFactorielle
56%
Ensemble dont le complémentaire est un ouvertFermé
55%
Théorème stipulant qu'aucun nombres ne peuvent satisfaire l'identité x^n + y^n = z^n dans le cas où n > 2Fermat
48%
Synonyme de dessinFigure
38%
Mathématicien connu pour avoir déterminé, par le calcul, la diffusion de la chaleur en utilisant la décomposition d'une fonction quelconque en une série trigonométrique convergenteFourier
35%
Figure qui est semblable même en changeant l'échelle de vision de la figureFractale
34%
surface délimitant un polyèdreFace
29%
Autre nom pour une sorte de centre d'une figure (conique)Foyer
16%
Hauteur de la surface formée par un arc de cercle et sa cordeFlèche
7%

Distribution des résultats

Percentile par nombre de réponses

% des personnes avec chaque résultat

Votre développement - résultats

Vous n’avez pas pris ce quiz